Statistics for Random City to Country #2

Click here to take the quiz!

General Stats

  • This quiz has been taken 30 times
  • The average score is 9 of 10

Answer Stats

CityCountry% Correct
Sao PauloBrazil
100%
LimaPeru
100%
VolgogradRussia
100%
DjiboutiDjibouti
96%
DarwinAustralia
93%
GuadalajaraMexico
93%
LjubljanaSlovenia
93%
MalmoSweden
93%
ChengduChina
89%
KinshasaDemocratic Republic of the Congo
86%

Score Distribution

Percentile by Number Answered

Percent of People with Each Score

Your Score History

You have not taken this quiz